000 00352 a2200157 4500
001 75528
020 _a9788516063955
040 _cAnchieta - Colégio São Paulo
100 _aMcDonald ,Megan
240 1 0 _aO clube das irmãs
_lpor
245 1 0 _aO clube das irmãs
300 _a208
362 0 _a2009
650 4 _aLiteratura juvenil
942 _cBK
999 _c75528
_d75528